Strings of Letters #7 - Statistics

General Stats
  • This quiz has been taken 38 times
  • The average score is 18 of 30
Answer Stats
String Definition Answer % Correct
ear Twelve months year
94%
aba Manual computing device with sliding beads abacus
92%
bad Sport that uses shuttlecocks badminton
89%
dab Magic word used by conjurors abracadabra
86%
bad A device or emblem worn to signify rank, office or membership badge
86%
ear Organic gemstone created by a mollusk pearl
83%
cab Taxi driver cabby
81%
gal To make lawful legalize
81%
aba Shady group of plotters cabal
78%
cab Strong, heavy rope; or, subscription television or Internet service cable
78%
gal In quadrupeds, a fast gait resulting in all four feet being off the ground at once gallop
72%
ear Practice, e.g., a play, opera or concert rehearse
72%
aba Give up by leaving abandon
67%
ear Located between the elbow and the wrist forearm
67%
gal Relating to or caused by a fungus fungal
67%
gal Device used for execution by hanging gallows
67%
aba Slaughterhouse abattoir
64%
gal Thrifty frugal
64%
dab Capable of being located findable
56%
gal Waterproof overshoes galoshes
56%
fab Easy to converse with; approachable; amicable affable
50%
cab Gruesome, ghastly, grim macabre
50%
fab Manufactured in standard sections that can be easily shipped and assembled prefabricated
47%
ear Spectacles, monocles, pince-nez, e.g. eyewear
44%
fab Seating that unfolds to provide sleeping accommodation sofabed
44%
bad Wandering minstrel troubadour
42%
aba A small, tart apple sometimes used in jellies and preserves crabapple
36%
dab Capable of being convinced persuadable
17%
gal Immense stone used to build prehistoric structures megalith
14%
aba A seedy, rundown hotel fleabag
6%
No matching quizzes found
Score Distribution
Percent of People with Each Score
Percentile by Number Answered
Your Score History
You have not taken this quiz